| 000 | 00394 a2200169 4500 | ||
|---|---|---|---|
| 001 | 145276 | ||
| 040 | _cLeonardo Da Vinci | ||
| 041 | _aPortuguês | ||
| 082 |
_a869.93 E65i _bE65i |
||
| 100 | _aERCOLARI, Valdi | ||
| 245 | _aInocêncio e o ínicio da jornada | ||
| 260 |
_bselene _c2011 _aSão Paulo |
||
| 300 | _a293 | ||
| 362 | _a20110000 | ||
| 697 | _aFicção brasileira | ||
| 942 | _cBK | ||
| 999 |
_c145276 _d145276 |
||